000 00234nam a2200097Ia 4500
008 240331s9999 xx 000 0 und d
082 _bAMB
100 _aAmbedkar,
245 0 _aInthiyath tholil sangangal :
_bsila kruththukkal
942 _cL
999 _c2356
_d2356